Statistics for US President in Office When Famous People Were Born

Click here to take the quiz!

General Stats

  • This quiz has been taken 45 times
  • The average score is 17 of 20

Answer Stats

HintAnswer% Correct
Taylor SwiftGeorge H.W. Bush
100%
Justin BieberBill Clinton
95%
Britney SpearsRonald Reagan
95%
Michael JacksonDwight D. Eisenhower
92%
Jennifer LawrenceGeorge H. W. Bush
92%
Willow SmithGeorge W. Bush
89%
MadonnaDwight D. Eisenhower
86%
Jennifer LopezRichard Nixon
86%
Elvis PresleyFranklin D. Roosevelt
84%
Reese WitherspoonGerald Ford
84%
PsyJimmy Carter
84%
ShakiraJimmy Carter
84%
Tom CruiseJohn F. Kennedy
84%
Kurt CobainLyndon B. Johnson
84%
North WestBarack Obama
81%
Harry StylesBill Clinton
78%
Ryan ReynoldsGerald Ford
78%
PrinceDwight D. Eisenhower
76%
Betty WhiteCalvin Coolidge
70%
Marilyn MonroeCalvin Coolidge
62%

Score Distribution

Percentile by Number Answered

Percent of People with Each Score

Your Score History

You have not taken this quiz